[Event "ch-CHN 2011"]
[Site "Xinghua Jiangsu CHN"]
[Date "2011.04.04"]
[Round "6"]
[White "Wang Yue"]
[Black "Zhou Jianchao"]
[Result "1/2-1/2"]
[WhiteElo "2734"]
[BlackElo "2660"]

1.Nf3 Nf6 2.c4 e6 3.g3 d5 4.Bg2 Be7 5.d4 O-O 6.O-O dxc4 7.Ne5 Nc6 8.Nxc6 bxc6
9.Na3 Bxa3 10.bxa3 Ba6 11.a4 Qd6 12.Qd2 Rfb8 13.Qa5 Rb6 14.Re1 Bb7 15.Qc3 Qb4
16.Qxb4 Rxb4 17.Bd2 Rb2 18.Bc3 Rc2 19.Rec1 Rxc1+ 20.Rxc1 Nd5 21.Be1 Ba6 22.e4 Nf6
23.f3 Rd8 24.Bc3 Nd7 25.Bf1 c5 26.a5 f6 27.Kf2 cxd4 28.Bxd4 c5 29.Bc3 Kf7
30.Ke3 Ke7 31.f4 Bb5 32.h4 Nb8 33.Bb2 Na6 34.Ba3 Nb4 35.Bxc4 Bxc4 36.Bxb4 Rd3+
37.Kf2 cxb4 38.Rxc4 Kd6 39.Rxb4 Rd2+ 40.Kf3 Rxa2 41.Rb7 Rxa5 42.Rxg7 h5 43.Rf7 f5
44.exf5 exf5 45.Rh7 Ra3+ 46.Kg2 a5 47.Rxh5 Ke6 48.Rh7 Kf6 49.Ra7 Ra2+ 50.Kh3 Ra1
51.h5 Rh1+ 52.Kg2 Rxh5 53.Ra6+ Kg7 54.Rxa5 Kg6 55.Ra6+ Kg7 56.Ra1 Rh8 57.Ra7+ Kf6
58.Ra6+ Kg7 59.g4 Rh4 60.gxf5 Rxf4  1/2-1/2

[Event "Karposh Open"]
[Site "Skopje MKD"]
[Date "2011.04.08"]
[Round "8"]
[White "Tosic,M"]
[Black "Collas,S"]
[Result "0-1"]
[WhiteElo "2408"]
[BlackElo "2295"]

1.d4 Nf6 2.c4 e6 3.g3 d5 4.Bg2 Be7 5.Nf3 O-O 6.O-O dxc4 7.Na3 c3 8.bxc3 c5
9.Nc4 Nd5 10.Bd2 b5 11.Nce5 f6 12.e4 Nb6 13.Nd3 Na6 14.Bf4 Bb7 15.Re1  0-1

[Event "ch-CHN 2011"]
[Site "Xinghua Jiangsu CHN"]
[Date "2011.04.08"]
[Round "9"]
[White "Ni Hua"]
[Black "Hou Yifan"]
[Result "1-0"]
[WhiteElo "2646"]
[BlackElo "2602"]

1.d4 Nf6 2.c4 e6 3.g3 d5 4.Nf3 Be7 5.Bg2 O-O 6.O-O dxc4 7.Qc2 a6 8.a4 Bd7
9.Qxc4 Bc6 10.Bf4 a5 11.Nc3 Na6 12.Ne5 Bxg2 13.Kxg2 Nd5 14.Rad1 Nab4 15.Bd2 Nb6
16.Qb3 Qxd4 17.Bf4 Qc5 18.Ne4 Qc2 19.Qxc2 Nxc2 20.Nd7 Rfd8 21.Nxb6 cxb6 22.Bc7 Rxd1
23.Rxd1 Kf8 24.Bxb6 Ke8 25.Bc7 Nb4 26.Nc3 Nc6 27.Nb5 Bb4 28.f4 f6 29.g4 Ke7
30.Nd6 Bxd6 31.Bxd6+ Ke8 32.Bc5 Rd8 33.Rxd8+ Kxd8 34.Bb6+ Kd7 35.Kf3 g6 36.Ke4 f5+
37.gxf5 gxf5+ 38.Kf3 Ke7 39.e4 Kf6 40.h3 Kg6 41.Bf2 Nb4 42.Ke3 Nc2+ 43.Kd3 Nb4+
44.Kd4 Nc6+ 45.Ke3 Kf6 46.Be1 Ke7 47.exf5 exf5 48.Kd3 Kd6 49.Kc4 b6 50.Bf2 Kc7
51.Kd5 Nb4+ 52.Ke6 Nd3 53.Bd4 Nxf4+ 54.Kxf5 Nxh3 55.Kg4 Kc6 56.Kxh3 b5 57.axb5+ Kxb5
58.Bf6 Kc4 59.Be7 Kd5 60.Kg4 Ke6 61.Bc5 a4 62.Kg5 Kf7 63.Kf5 h6 64.Bd6 Kg7
65.Ke6 Kg6 66.Kd5  1-0

[Event "TCh-HUN 2010-11"]
[Site "Decs HUN"]
[Date "2011.04.10"]
[Round "8"]
[White "Toth,Sar"]
[Black "Tanacs,A"]
[Result "1/2-1/2"]
[WhiteElo "2200"]
[BlackElo "2070"]

1.Nf3 d5 2.c4 e6 3.g3 Nf6 4.Bg2 Be7 5.d4 O-O 6.O-O c6 7.Qc2 Nbd7 8.Nbd2 b6
9.e4 Bb7 10.Rd1 c5 11.cxd5 exd5 12.e5 Ne4 13.Nxe4 dxe4 14.Ne1 cxd4 15.Rxd4 Bc5
16.Rd1 Qe7 17.Bg5 Qe6 18.b4 Bxb4 19.Qa4 Bxe1 20.Qxd7 Qxd7 21.Rxd7 Bc8 22.Rc7 Bb4
23.Bxe4 Rb8 24.Rxa7 Re8 25.Bc6 Rf8 26.Rd1 Be6 27.Bd7 Bc4 28.Rc1 Bd5 29.Rcc7 Ra8
30.Rxa8 Rxa8 31.Bc6 Bxc6 32.Rxc6 Bc5 33.Be3 Bxe3 34.fxe3 Kf8 35.Rxb6 Rxa2
36.e6 Re2 37.exf7 Rxe3  1/2-1/2

[Event "TCh-HUN 2010-11"]
[Site "Kazincbarcika HUN"]
[Date "2011.04.10"]
[Round "8"]
[White "Zambo,Z"]
[Black "Kovacs,Ga2"]
[Result "1/2-1/2"]
[WhiteElo "2403"]
[BlackElo "2493"]

1.d4 d5 2.Nf3 Nf6 3.c4 e6 4.g3 Be7 5.Bg2 O-O 6.O-O dxc4 7.Na3 Bxa3 8.bxa3 Bd7
9.Ne5 Bc6 10.Nxc6 Nxc6 11.Bb2 Qd6 12.Qc1 Nd5 13.Qxc4 Nb6 14.Qc2 Nxd4 15.Bxd4 Qxd4
16.Bxb7 Rab8 17.Qxc7 Qa4 18.Rac1 Qxa3 19.Rc2 Rbd8 20.Qc3 Qe7 21.Qf3 Rd7 22.Bc6 Rc7
23.Rfc1 Rfc8 24.Qd3 g6 25.h4 h5 26.e3 Nd7 27.Bxd7 Rxc2 28.Rxc2 Rxc2 29.Qxc2 Qxd7
30.a3 Qd5 31.Qc8+  1/2-1/2

[Event "60th ch-BUL w Final"]
[Site "Bankya BUL"]
[Date "2011.04.12"]
[Round "1.4"]
[White "Raeva,E"]
[Black "Krumova,A"]
[Result "1-0"]
[WhiteElo "2308"]
[BlackElo "1913"]

1.d4 d5 2.c4 e6 3.Nf3 Nf6 4.g3 Be7 5.Bg2 O-O 6.O-O Nbd7 7.b3 dxc4 8.bxc4 c5
9.e3 Rb8 10.Nc3 Re8 11.Rb1 Nf8 12.Ne5 N6d7 13.f4 a6 14.Ne4 f6 15.Nf3 cxd4
16.exd4 b6 17.Re1 Bb7 18.Qb3 a5 19.Ba3 Qc7 20.Bxe7 Bxe4 21.Rxe4 Rxe7 22.f5 Kh8
23.Rbe1 Rbe8 24.Nh4 Qd6 25.Qf3 exf5 26.Nxf5 Rxe4 27.Nxd6 Rxe1+ 28.Bf1 R8e6
29.Nf7+ Kg8 30.Nd8 R6e4 31.Kf2 R1e3 32.Qxe3 Rxe3 33.Kxe3 Ng6 34.Bh3 Nb8 35.c5 bxc5
36.dxc5 Ne5 37.Bg2 Na6 38.Kd4 Nc7 39.c6 Kf8 40.Kc5 Ke7 41.Nb7 a4 42.Kb6 Na8+
43.Kb5 a3 44.Kb4  1-0

[Event "11th BCC Thailand Open"]
[Site "Pattaya THA"]
[Date "2011.04.13"]
[Round "5.5"]
[White "Saurabh,K"]
[Black "Gustafsson,J"]
[Result "0-1"]
[WhiteElo "2324"]
[BlackElo "2647"]

1.d4 Nf6 2.Nf3 d5 3.c4 e6 4.g3 Be7 5.Bg2 O-O 6.O-O dxc4 7.Qc2 b5 8.a4 b4
9.Qxc4 Ba6 10.Qc2 Nbd7 11.Rd1 Rc8 12.e4 c5 13.d5 exd5 14.e5 Ne8 15.Rxd5 Nc7
16.Rd1 Ne6 17.Nbd2 Qc7 18.Re1 c4 19.Qf5 c3 20.Ne4 Bd3 21.Re3 Ndc5 22.Ne1 Bxe4
23.Bxe4 g6 24.Qg4 h5 25.Qe2 Nd4 26.Qc4 Nxe4 27.Qxd4 Ng5 28.Qd3 Rfd8 29.Qc2 Qc6
30.h4 Ne6 31.bxc3 bxc3 32.Nf3 Bc5 33.Re4 Rd1+ 34.Qxd1 Qxe4 35.Ra2 Rd8 36.Qe2 Qxe2
37.Rxe2 Rd1+ 38.Re1 c2  0-1

[Event "60th ch-BUL w Final"]
[Site "Bankya BUL"]
[Date "2011.04.14"]
[Round "4.1"]
[White "Yordanova,S"]
[Black "Nikolova,A"]
[Result "0-1"]
[WhiteElo "2155"]
[BlackElo "2311"]

1.d4 Nf6 2.Nf3 e6 3.g3 d5 4.c4 Be7 5.Bg2 O-O 6.O-O dxc4 7.Ne5 Nc6 8.Nxc6 bxc6
9.Bxc6 Rb8 10.Nc3 Nd5 11.e4 Nb4 12.Bb5 Nd3 13.Bxc4 Nxb2 14.Bxb2 Rxb2 15.Bb3 Ba6
16.Re1 Bb4 17.Re3 c5 18.dxc5 Rd2 19.Qe1 Bxc5 20.Rf3 Qd4 21.Rd1 Rd8 22.Rxd2 Qxd2
23.Qxd2 Rxd2 24.g4 g5 25.Ba4 Kf8 26.Bb3 Ke7 27.Kg2 Bd4 28.Nb1 Re2 29.Kg3 Rxe4
30.Bc2 Be5+ 31.Kg2 Rxg4+  0-1

[Event "13th Dubai Open"]
[Site "Dubai UAE"]
[Date "2011.04.16"]
[Round "6"]
[White "Coleman,J"]
[Black "Guliev,L"]
[Result "0-1"]
[WhiteElo "2136"]
[BlackElo "2468"]

1.c4 Nf6 2.g3 e6 3.Nf3 d5 4.d4 Be7 5.Bg2 O-O 6.O-O c6 7.Qc2 b6 8.Nbd2 Bb7
9.Rd1 Nbd7 10.e4 Rc8 11.b3 c5 12.exd5 exd5 13.Qf5 Qc7 14.Bb2 dxc4 15.Nxc4 Be4
16.Qg5 Nd5 17.Qd2 b5 18.Ne3 c4 19.bxc4 bxc4 20.Nxd5 Bxd5 21.Bc3 Nf6 22.Nh4 Ne4
23.Bxe4 Bxe4 24.Ng2 Qd7 25.Qe3 Bd5 26.Nf4 Bg5 27.Qe5 Bxf4 28.Qxf4 Rc6 29.f3 Rf6
30.Qg4 Qc6 31.Rf1 Bxf3 32.d5 Bxg4 33.dxc6 Rxc6 34.Rab1 a6 35.Rb7 h6 36.Bb4 Bh3
37.Rf4 Rd8 38.Rfxf7 Rd1+ 39.Kf2 Rf1+  0-1

[Event "Norsk Open A"]
[Site "Fagernes NOR"]
[Date "2011.04.17"]
[Round "6"]
[White "Svensen,T"]
[Black "Wetle Hoem,T"]
[Result "1-0"]
[WhiteElo "2108"]
[BlackElo "1967"]

1.d4 d5 2.c4 e6 3.Nf3 Be7 4.g3 Nf6 5.Bg2 O-O 6.O-O Nbd7 7.Nbd2 c5 8.cxd5 Nxd5
9.e4 Nb4 10.Nb3 b6 11.a3 Na6 12.Qe2 Nc7 13.Rd1 Ba6 14.Qc2 Qc8 15.d5 exd5
16.exd5 Bd6 17.Bh3 Ne8 18.Bd2 h6 19.Bc3 Qd8 20.Qf5 Ndf6 21.Qc2 Bb7 22.Nh4 Nxd5
23.Nf5 Nxc3 24.Qxc3 Qc7 25.Rxd6 g6 26.Rd7 Qc6  1-0

[Event "ch-USA w Prelim"]
[Site "Saint Louis USA"]
[Date "2011.04.17"]
[Round "3"]
[White "Zatonskih,A"]
[Black "Baginskaite,C"]
[Result "1/2-1/2"]
[WhiteElo "2499"]
[BlackElo "2342"]

1.Nf3 Nf6 2.c4 e6 3.g3 d5 4.Bg2 Be7 5.d4 O-O 6.O-O dxc4 7.Ne5 Nc6 8.Nxc6 bxc6
9.Qa4 Qxd4 10.Bxc6 Bd7 11.Bxd7 Nxd7 12.Rd1 Nb6 13.Rxd4 Nxa4 14.Rxc4 Rfd8
15.Nd2 Nxb2 16.Rxc7 Bb4 17.Rb1 Bxd2 18.Rxb2 Ba5 19.Rc4 Bb6 20.Rbc2 h6 21.Bf4 Rd7
22.Bc7 Rc8 23.Bxb6 Rxc4 24.Rxc4 axb6 25.Rb4 Rd2 26.a4 Rd6 27.e4 e5 28.Kg2 f6
29.Rc4 Kf7 30.Rc7+ Kg6 31.Ra7 Rd3 32.h4 h5 33.Ra6 Rb3 34.Ra7 Ra3 35.Ra6 Rb3
36.Ra7 Ra3 37.Ra6  1/2-1/2

[Event "TCh-SUI 2011"]
[Site "Switzerland SUI"]
[Date "2011.04.17"]
[Round "3.1"]
[White "Huebner,R"]
[Black "Riff,JN"]
[Result "1/2-1/2"]
[WhiteElo "2600"]
[BlackElo "2505"]

1.d4 Nf6 2.Nf3 e6 3.g3 d5 4.Bg2 Be7 5.c4 O-O 6.Nc3 c6 7.O-O Nbd7 8.Nd2 b6
9.e4 dxe4 10.Ndxe4 Bb7 11.Be3 Nxe4 12.Nxe4 e5 13.Re1 f5 14.Nc3 Bf6 15.dxe5 Nxe5
16.Qb3 Qc7 17.c5+ Qf7 18.Qc2 Nc4 19.Qxf5 Nxe3 20.fxe3 Qe7  1/2-1/2

[Event "ch-DEN"]
[Site "Odense DEN"]
[Date "2011.04.18"]
[Round "3"]
[White "Rasmussen,A"]
[Black "Schandorff,L"]
[Result "1-0"]
[WhiteElo "2538"]
[BlackElo "2488"]

1.d4 d5 2.c4 e6 3.Nf3 Nf6 4.g3 Be7 5.Bg2 O-O 6.O-O dxc4 7.Qc2 a6 8.Qxc4 b5
9.Qc2 Bb7 10.Bd2 Bd6 11.Re1 Be4 12.Qc1 Bb7 13.Qc2 Be4 14.Qc1 Bb7 15.Bg5 Nbd7
16.e4 Be7 17.Nbd2 c5 18.Bxf6 Bxf6 19.dxc5 Rc8 20.b4 Bxa1 21.Qxa1 Qf6 22.e5 Qe7
23.a4 Bd5 24.axb5 axb5 25.Nd4 Bxg2 26.Kxg2 Nxc5 27.bxc5 Qxc5 28.N4f3 Qd5
29.Re3 h6 30.Qb1 Rb8 31.Ne4 b4 32.Nd6 Rb6 33.Rd3 Qc6 34.Rb3 Qc5 35.Qe4 f5
36.Qd4 Qc6 37.Rxb4 Rxb4 38.Qxb4 g5 39.h3 h5 40.Qb3  1-0

[Event "Branko Vukmanovic Mem Open"]
[Site "Tivat MNE"]
[Date "2011.04.18"]
[Round "3.18"]
[White "Vojinovic,J"]
[Black "Gaco,S"]
[Result "1-0"]
[WhiteElo "2278"]
[BlackElo "2060"]

1.d4 d5 2.Nf3 e6 3.c4 Nf6 4.g3 Be7 5.Bg2 O-O 6.O-O b6 7.Nc3 Bb7 8.Ne5 c6
9.e4 dxc4 10.a4 b5 11.axb5 cxb5 12.Nxb5 Bxe4 13.Bxe4 Nxe4 14.Qf3 f5 15.Be3 Qb6
16.Nc3 Qb7 17.Nxc4 Nd6 18.Qxb7 Nxb7 19.Nb6  1-0

[Event "ch-USA GpB"]
[Site "Saint Louis USA"]
[Date "2011.04.19"]
[Round "5"]
[White "Shankland,S"]
[Black "Shabalov,A"]
[Result "0-1"]
[WhiteElo "2512"]
[BlackElo "2590"]

1.d4 Nf6 2.c4 e6 3.Nf3 d5 4.g3 Be7 5.Bg2 O-O 6.O-O dxc4 7.Qc2 b5 8.a4 b4
9.Ne5 Qxd4 10.Bxa8 Qxe5 11.Bf3 Ba6 12.Bf4 Qa5 13.Nd2 b3 14.Qc1 Qb4 15.Nb1 Nd5
16.Bd2 Qc5 17.Nc3 Nc6 18.Rd1 Rd8 19.Ne4 Qb6 20.a5 Qb8 21.Be3 Bb5 22.Bc5 Bxc5
23.Nxc5 a6 24.Rd2 Qa7 25.Ne4 Nd4 26.Bg2 Nc2 27.Rb1 c6 28.Qd1 Qc7 29.Nc3 Rf8
30.Be4 Ncb4 31.Bxd5 cxd5 32.e4 dxe4 33.Nxe4 Nd3 34.Qh5 Qxa5 35.Rbd1 Qb6 36.Nc3 Bc6
37.Ra1 Bb7 38.Re2 Qc6 39.f3 g6  0-1

[Event "Doeberl Cup Premier"]
[Site "Canberra AUS"]
[Date "2011.04.21"]
[Round "1.28"]
[White "McNamara,G"]
[Black "Yu,Sal"]
[Result "1-0"]
[WhiteElo "2150"]
[BlackElo "1914"]

1.Nf3 d5 2.c4 e6 3.d4 Nf6 4.g3 Be7 5.Bg2 O-O 6.O-O Nbd7 7.Qc2 b6 8.Rd1 Bb7
9.b3 Rc8 10.cxd5 exd5 11.Bb2 c5 12.Qf5 Ne4 13.Ne5 Ndf6 14.dxc5 Bxc5 15.Nd3 g6
16.Qh3 Be7 17.Na3 Rc7 18.Rac1 Bc8 19.Qh6 Nh5 20.Rxc7 Qxc7 21.Bxe4 dxe4 22.Nf4 Rd8
23.Rc1 Qxc1+ 24.Bxc1 Bf8 25.Qg5 Rd1+ 26.Kg2 h6 27.Qb5 Rxc1 28.Nxh5 gxh5 29.Nc4 Bg4
30.Ne3 Rc5 31.Qe8 Bxe2 32.Qxe4 Bb5 33.f3 Bg7 34.Qa8+ Kh7 35.Qxa7 Rc3 36.Qxb6 Bd7
37.a4 Rd3 38.Nc4 Be6 39.a5 Bd5 40.Qf2 Rxb3 41.Qc2+  1-0

[Event "VII Lubuska Open"]
[Site "Gorzow POL"]
[Date "2011.04.21"]
[Round "3"]
[White "Krasenkova,I"]
[Black "Siwiec,A"]
[Result "1/2-1/2"]
[WhiteElo "2127"]
[BlackElo "2132"]

1.d4 d5 2.c4 e6 3.Nf3 Nf6 4.g3 Be7 5.Bg2 O-O 6.O-O dxc4 7.Na3 c5 8.Nxc4 Nc6
9.dxc5 Bxc5 10.Bf4 Nd5 11.Bd2 Qe7 12.a3 b5 13.Nce5 Nxe5 14.Nxe5 Bb7 15.Nd3 Bd6
16.e4 Nb6 17.e5 Bxg2 18.Kxg2 Rfd8 19.Qe2 Qb7+ 20.Kg1 Be7 21.Ba5 Qa6 22.Bxb6 Qxb6
23.Rfd1 b4 24.axb4 Bxb4 25.Qe4 Be7 26.Rac1 Rab8 27.Kf1 a5 28.Ke2 Qa7 29.Rc2 a4
30.Rdc1 Qa6 31.Qc4 Qa8 32.Qc6 Qxc6 33.Rxc6 a3 34.bxa3 Bxa3 35.R1c3 Bf8 36.f4 h5
37.Rc7 Bb4 38.Rc2 Ba5 39.R7c4 Rd7 40.Nf2 Rb4 41.Ne4 Rxc4 42.Rxc4 Kh7 43.Ra4 Bd8
44.Nd6 Kg6 45.Kf3 Be7 46.Ra6 Bxd6 47.exd6 Kf5 48.Rc6 e5 49.Rc7 Rxd6 50.Rxf7+ Kg6
51.Rf8 exf4 52.Rxf4 Rf6 53.h4 Rxf4+ 54.Kxf4 Kf6 55.g4 hxg4 56.Kxg4 g6 57.h5 gxh5+  1/2-1/2

[Event "Joao Braga Open"]
[Site "Sao Paolo BRA"]
[Date "2011.04.21"]
[Round "3.4"]
[White "El Debs,F"]
[Black "Palozi,P"]
[Result "1-0"]
[WhiteElo "2496"]
[BlackElo "2277"]

1.Nf3 Nf6 2.c4 e6 3.g3 d5 4.d4 Be7 5.Bg2 O-O 6.O-O dxc4 7.Qc2 a6 8.a4 Bd7
9.Qxc4 Bc6 10.Bg5 Bd5 11.Qc2 Be4 12.Qb3 Bd5 13.Qd1 Nc6 14.e3 Ne4 15.Bxe7 Qxe7
16.Qc2 Nb4 17.Qe2 c5 18.Nc3 cxd4 19.Nxd5 Nxd5 20.Nxd4 Nef6 21.Rfc1 Rac8 22.Rc2 Rxc2
23.Qxc2 Qb4 24.a5 h6 25.Kf1 Rd8 26.Ra4 Qd6 27.Rc4 Qd7 28.Kg1 Ng4 29.Qb3 e5
30.h3 exd4 31.Rxd4 Ngf6 32.Bxd5 Nxd5 33.e4 Qxh3 34.Qxb7 Nf4 35.Rxd8+ Kh7
36.gxf4  1-0

[Event "ch-Americas Continental"]
[Site "Toluca MEX"]
[Date "2011.04.21"]
[Round "4"]
[White "Lafuente,P"]
[Black "Gurevich,D"]
[Result "1-0"]
[WhiteElo "2572"]
[BlackElo "2475"]

1.d4 Nf6 2.Nf3 d5 3.c4 e6 4.g3 Be7 5.Bg2 O-O 6.O-O dxc4 7.Qc2 b5 8.a4 b4
9.Nbd2 Bb7 10.Nxc4 Be4 11.Qd1 c5 12.dxc5 Na6 13.Qxd8 Rfxd8 14.Nfe5 Bxc5 15.Bg5 Rd4
16.Rac1 Bxg2 17.Kxg2 Ne4 18.Bf4 Bf8 19.Be3 Rd5 20.Nd3 Nec5 21.Bxc5 Bxc5 22.Nd2 Rad8
23.Nb3 Be7 24.Rc6 R5d6 25.Rfc1 g6 26.Na5 Bf6 27.Nb7 Rxc6 28.Rxc6 Rd7 29.Nd6 Nb8
30.Ne4 Kg7 31.Rc8 Rd8 32.Rxd8 Bxd8 33.Nxb4 a5 34.Nd3 Nc6 35.Nd6 f5 36.f4 Be7
37.Nc4 g5 38.Nde5 Nxe5 39.Nxe5 gxf4 40.Nc6 Bf6 41.Nxa5 Kf7 42.gxf4 Bxb2 43.Nc4 Bd4
44.Ne5+ Ke8  1-0

[Event "Cez Cup GM 2011"]
[Site "Frydek Mistek CZE"]
[Date "2011.04.22"]
[Round "5"]
[White "Krejci,Jan2"]
[Black "Straka,Jos"]
[Result "1/2-1/2"]
[WhiteElo "2451"]
[BlackElo "2304"]

1.d4 d5 2.c4 e6 3.Nf3 Nf6 4.g3 Be7 5.Bg2 O-O 6.O-O dxc4 7.Ne5 Nc6 8.Nxc6 bxc6
9.Nc3 Rb8 10.e4 Qd7 11.e5 Nd5 12.Ne4 Rd8 13.Qf3 f5 14.exf6 Nxf6 15.Nc3 Qxd4
16.Be3 Qg4 17.Qxc6 Bd6 18.h3 Qf5 19.Qxc4 Rxb2 20.Rab1 Rxb1 21.Rxb1 Nd5 22.Bxd5 exd5
23.Qxd5+ Qxd5 24.Nxd5 Bxh3 25.Bxa7 Be6 26.Nc3 Ra8 27.Rb7 Be5 28.Nb5 Bxa2
29.Nxc7 Rd8 30.f4 Bf6 31.Rb8 Rxb8 32.Bxb8 Kf7 33.Nb5 h5 34.Kf2  1/2-1/2

[Event "TCh-RUS Premier"]
[Site "Olginka RUS"]
[Date "2011.04.22"]
[Round "10"]
[White "Gelfand,B"]
[Black "Ponomariov,R"]
[Result "1/2-1/2"]
[WhiteElo "2733"]
[BlackElo "2743"]

1.Nf3 Nf6 2.c4 e6 3.g3 d5 4.d4 Be7 5.Bg2 O-O 6.O-O dxc4 7.Qc2 b5 8.a4 b4
9.Nfd2 c6 10.Nxc4 Qxd4 11.Rd1 Qc5 12.Be3 Qh5 13.Nbd2 Ng4 14.Nf3 Nxe3 15.Nxe3 a5
16.Nc4 Ba6 17.Rac1 Ra7 18.Nfe5 Bxc4 19.Nxc4 Bf6 20.Qe4 Qc5 21.h4 Qe7 22.Qe3 c5
23.Qf4 Rd8 24.b3 Nd7 25.Kh2 Nf8 26.Rxd8 Qxd8 27.Qd6 Qxd6 28.Nxd6 Nd7 29.Nb5 Ra6
30.Bb7 Rb6 31.Bc8 Ne5 32.Rxc5 Rc6 33.Rxc6  1/2-1/2

[Event "Philadelphia Open"]
[Site "Philadelphia USA"]
[Date "2011.04.22"]
[Round "4"]
[White "Mulyar,M"]
[Black "Song,Michael"]
[Result "1-0"]
[WhiteElo "2396"]
[BlackElo "2062"]

1.d4 Nf6 2.c4 e6 3.g3 d5 4.Nf3 Be7 5.Bg2 O-O 6.O-O Nbd7 7.b3 c6 8.Qc2 b6
9.Rd1 Bb7 10.Nc3 Rc8 11.e4 Bb4 12.e5 Bxc3 13.Qxc3 Ne4 14.Qe3 f5 15.Ba3 Rf7
16.Ne1 c5 17.cxd5 cxd4 18.Rxd4 Bxd5 19.Rxd5 exd5 20.e6 Rf6 21.exd7 Qxd7 22.Bb2 Re6
23.Qd4 Nf6 24.Nd3 Re2 25.Nf4 Rec2 26.Nxd5 Nxd5 27.Bxd5+ Kh8 28.Bc4 Qxd4 29.Bxd4 h6
30.a4 Rd2 31.Be3 Rd6 32.Bf4 Rdc6 33.Rd1 a5 34.Rd7 Rf8 35.h4 Re8 36.Kg2 Rf6
37.Be3 Rb8 38.Bd4 Rg6 39.h5 Rg5 40.f4 Rg4 41.Be2  1-0

[Event "15th Neckar Open"]
[Site "Deizisau GER"]
[Date "2011.04.23"]
[Round "4"]
[White "Abel,D"]
[Black "Baramidze,D"]
[Result "1/2-1/2"]
[WhiteElo "2411"]
[BlackElo "2554"]

1.d4 d5 2.c4 e6 3.Nf3 Nf6 4.g3 Be7 5.Bg2 O-O 6.O-O dxc4 7.Qc2 a6 8.Qxc4 b5
9.Qc2 Bb7 10.Bd2 Nc6 11.e3 Nb4 12.Bxb4 Bxb4 13.a3 Bd6 14.Nbd2 Qe7 15.Rfc1  1/2-1/2

[Event "Oberhausen Easter Open"]
[Site "Oberhausen GER"]
[Date "2011.04.24"]
[Round "4.9"]
[White "Heidel,A"]
[Black "Pilat,F"]
[Result "1-0"]
[WhiteElo "2170"]
[BlackElo "1919"]

1.d4 d5 2.c4 e6 3.Nf3 Nf6 4.g3 Be7 5.Bg2 O-O 6.b3 dxc4 7.bxc4 c5 8.O-O Nc6
9.e3 Qc7 10.Nc3 Rd8 11.Bb2 a6 12.Qe2 b6 13.d5 exd5 14.cxd5 Nxd5 15.Nxd5 Rxd5
16.Ne5 Rd6 17.Bxc6 Rxc6 18.Qf3 Bf6 19.Nxc6 Bb7 20.Bxf6 gxf6 21.Qg4+ Kf8 22.Nd4 cxd4
23.Qxd4 Qc6 24.f3 Rc8 25.e4 Kg7 26.g4 h6 27.Kg2 Qe6 28.Rf2 Rc4 29.Qe3 Ra4
30.Kg1 b5 31.Rd2 b4 32.Qd4 Bc6 33.Qb2 Bb5 34.Rad1 Qb6+ 35.Kh1 Qe3 36.Qb3 Qg5
37.Kg2 Bc6 38.Qc2 Qb5 39.Rd6 Be8 40.R1d2 a5 41.R6d5 Qa6 42.Rd8 Qe6 43.Qb3 Qe5
44.Qd5 Bb5 45.Qa8 f5 46.Rg8+ Kh7 47.gxf5 Ra3 48.Rg3 Be8  1-0

[Event "Joao Braga Open"]
[Site "Sao Paolo BRA"]
[Date "2011.04.24"]
[Round "8.11"]
[White "Aranha Filho,A"]
[Black "Egoroff,J"]
[Result "1/2-1/2"]
[WhiteElo "2285"]
[BlackElo "2273"]

1.d4 d5 2.c4 e6 3.Nf3 Nf6 4.g3 Be7 5.Bg2 O-O 6.O-O dxc4 7.Ne5 c5 8.dxc5 Bxc5
9.Nc3 a6 10.Nxc4 Nc6 11.Bxc6 bxc6 12.Qxd8 Rxd8 13.Na5 Bd7 14.Nb7 Bb6 15.Nxd8 Bxd8
16.e4 c5 17.Rd1 Bc6 18.f3 Nd7 19.Bf4 Bf6 20.e5 Nxe5  1/2-1/2

[Event "15th Neckar Open"]
[Site "Deizisau GER"]
[Date "2011.04.25"]
[Round "8"]
[White "Abel,D"]
[Black "Piorun,K"]
[Result "0-1"]
[WhiteElo "2411"]
[BlackElo "2521"]

1.d4 Nf6 2.c4 e6 3.g3 d5 4.Nf3 Be7 5.Bg2 O-O 6.O-O dxc4 7.Qc2 b5 8.a4 b4
9.Ne5 Qxd4 10.Bxa8 Qxe5 11.Bg2 Ba6 12.Bf4 Qa5 13.Nd2 b3 14.Qc1 Qb4 15.Nb1 Nd5
16.Bd2 Qc5 17.Nc3 Nc6 18.Be3 Nxe3 19.Qxe3 Qxe3 20.fxe3 Ne5 21.h3 Bc5 22.Kf2 f5
23.Nd1 Rd8 24.Ke1 c3 25.Nxc3 Bb4 26.Rf4 Nc4 27.Bb7 Bxc3+ 28.bxc3 Nxe3 29.Bxa6 Nc2+
30.Kf2 Nxa1 31.Rb4 Rd6 32.Bc4 Kf7 33.Rb7 Rc6 34.Bd3 Rxc3 35.Rxa7 b2 36.Rb7 Nb3
37.Bb1 Kf6 38.a5 Nxa5 39.Rxb2 Nc4 40.Rb8 Nd6 41.Rf8+ Ke7 42.Rg8 Kf7 43.Rd8 h5
44.Bd3 e5 45.Rh8 e4 46.Bb1 Kg6 47.h4 Nf7 48.Re8 Nh6 49.Re6+ Kh7 50.Re7 Ng4+
51.Kg2 Re3  0-1

[Event "15th Neckar Open"]
[Site "Deizisau GER"]
[Date "2011.04.25"]
[Round "8"]
[White "Spirin,O"]
[Black "Gajewski,G"]
[Result "0-1"]
[WhiteElo "2474"]
[BlackElo "2567"]

1.d4 Nf6 2.Nf3 d5 3.c4 e6 4.g3 Be7 5.Bg2 O-O 6.O-O dxc4 7.Qc2 b5 8.a4 b4
9.Nbd2 Bb7 10.Nxc4 Be4 11.Qd1 c5 12.dxc5 Nbd7 13.Nfe5 Bxg2 14.Kxg2 Qc7 15.Nxd7 Nxd7
16.Be3 Bxc5 17.Rc1 Rac8 18.Kg1 Rfd8 19.Qb3 Bxe3 20.Qxe3 h6 21.Rfd1 Nf6 22.Rxd8+ Qxd8
23.Ne5 Rxc1+ 24.Qxc1 Ne4 25.Nd3 a5 26.Qc6 Nf6 27.Kg2 g5 28.h3 Kg7 29.Qb7 Qd4
30.Qc7 Qd5+ 31.Kg1 Nd7 32.f3 e5 33.Kf2 Qd4+ 34.Kf1 e4 35.fxe4 Nf6 36.Qe5 Qxe4
37.Qxe4 Nxe4 38.Kg2 f5 39.Kf3 Kf6 40.g4 Nd2+ 41.Ke3 Nb3 42.Kf3 Ke6 43.gxf5+ Kxf5
44.e4+ Kf6 45.Ke3 h5 46.Kf3 Nd2+ 47.Ke3 Nb3 48.Kf3 Ke6 49.Ke3 Kd6 50.Nf2 Nc5
51.Kd4 Nxa4 52.Nd3 g4 53.hxg4 hxg4 54.e5+ Kc6 55.Ke3 Nc5 56.Nf4 a4 57.Kd4 g3
58.Kc4 a3 59.bxa3 bxa3 60.Kc3 a2 61.Kb2 Nd3+ 62.Nxd3 g2  0-1

[Event "Oberhausen Easter Open"]
[Site "Oberhausen GER"]
[Date "2011.04.25"]
[Round "6.6"]
[White "Kaufeld,J"]
[Black "Knol,G"]
[Result "1/2-1/2"]
[WhiteElo "2260"]
[BlackElo "2101"]

1.Nf3 Nf6 2.g3 e6 3.Bg2 Be7 4.c4 d5 5.d4 O-O 6.O-O dxc4 7.Qc2 a5 8.Qxc4 Nc6
9.Rd1 Nb4 10.Ne5 Nd7 11.Nxd7 Bxd7 12.Bxb7 Rb8 13.Bf3 Bb5 14.Qc3 c5 15.Bf4 Rc8
16.Na3 Ba6 17.dxc5 Nd5 18.Qb3 Qe8 19.Bxd5 exd5 20.Rxd5 Bxc5 21.Be3 Bxe3 22.Qxe3 Qc6
23.Re5 Rfe8 24.Re1 Bb7 25.f3 Rxe5 26.Qxe5 Qb6+ 27.Kg2 h5 28.Rd1 f6 29.Qe7 Qb4
30.Rd7 Qxe7 31.Rxe7 Bd5 32.b3 a4 33.bxa4 Ra8 34.Nb5 Bxa2 35.Nc3 Bb3 36.Re4 Rc8
37.Nb5 Ra8 38.Nc3 Rc8 39.Nb5 Ra8 40.Re3 Bd1 41.Re7 Rxa4 42.Nd6 Ra5 43.Kf2 Rd5
44.Ne4 Bc2 45.Ke3 h4 46.Re8+ Kf7 47.Rc8 Bb1 48.Nc3 Re5+ 49.Kf2 hxg3+ 50.hxg3 Bg6
51.Rc7+ Kg8  1/2-1/2

[Event "Nakhchivan Open"]
[Site "Nakhchivan AZE"]
[Date "2011.04.27"]
[Round "5"]
[White "Benidze,D"]
[Black "Korobov,A"]
[Result "0-1"]
[WhiteElo "2503"]
[BlackElo "2647"]

1.Nf3 Nf6 2.c4 e6 3.g3 d5 4.d4 Be7 5.Bg2 O-O 6.O-O dxc4 7.Ne5 Nc6 8.Bxc6 bxc6
9.Nxc6 Qe8 10.Nxe7+ Qxe7 11.Qa4 e5 12.dxe5 Qxe5 13.Qxc4 Be6 14.Qd3 Rad8 15.Qe3 Qa5
16.Nc3 Bh3 17.Re1 Rfe8 18.Qf3 Bg4 19.Qg2 Bxe2 20.Bf4 Bh5 21.Rxe8+ Rxe8 22.Qf1 g5
23.Bd2 Qf5 24.f4 Qc2 25.Qc1 Qd3 26.Be1 Bf3 27.Qd2 Qf5 28.fxg5 Ng4 29.Qf4 Qc5+  0-1

[Event "TCh-ESP Selecciones Autonomicas"]
[Site "Gijon ESP"]
[Date "2011.04.29"]
[Round "1.2"]
[White "Garza Marco,S"]
[Black "De la Villa Garcia,J"]
[Result "1/2-1/2"]
[WhiteElo "2434"]
[BlackElo "2491"]

1.d4 Nf6 2.Nf3 d5 3.c4 e6 4.g3 Be7 5.Bg2 O-O 6.O-O dxc4 7.Qc2 b5 8.a4 b4
9.Nbd2 Bb7 10.Nxc4 Be4 11.Qb3 Nc6 12.Be3 Bd5 13.Qd3 Be4 14.Qb3 Bd5 15.Qd3 Be4
16.Qb3  1/2-1/2

[Event "43rd TCh-ITA 2011"]
[Site "Spoleto ITA"]
[Date "2011.04.29"]
[Round "4"]
[White "Caruana,F"]
[Black "Radulski,J"]
[Result "1-0"]
[WhiteElo "2716"]
[BlackElo "2586"]

1.d4 d5 2.c4 e6 3.Nf3 Nf6 4.g3 Be7 5.Bg2 O-O 6.O-O Nc6 7.Qc2 Ne4 8.Nc3 f5
9.Bf4 g5 10.Be3 Bf6 11.Rad1 Kh8 12.Ne5 Ne7 13.f4 gxf4 14.Bxf4 Ng6 15.Nxg6+ hxg6
16.cxd5 exd5 17.Nxe4 dxe4 18.Bxc7 Qd5 19.Qd2 Kg7 20.g4 Be6 21.g5 Be7 22.Qf4 Kg8
23.Be5 Rf7 24.b3 a5 25.Rc1 a4 26.h4 axb3 27.axb3 Rh7 28.Rc7 Re8 29.Rb1 Bd7
30.Bf1 Bd8 31.e3 Qxe5 32.Bc4+ Kh8 33.dxe5 Bxc7 34.Qf2 Bxe5 35.Be2 Ra8 36.Rd1 Bc6
37.h5 Be8 38.Rd5 Bc3 39.Qf4 Re7 40.Qd6  1-0

[Event "TCh-ESP Selecciones Autonomicas"]
[Site "Gijon ESP"]
[Date "2011.04.30"]
[Round "2.4"]
[White "Oms Pallisse,J"]
[Black "Gonzalez Menendez,I"]
[Result "1-0"]
[WhiteElo "2520"]
[BlackElo "2455"]

1.c4 e6 2.Nf3 d5 3.d4 Be7 4.g3 Nf6 5.Bg2 O-O 6.O-O c6 7.Qc2 b6 8.Rd1 Nbd7
9.b3 Bb7 10.Nc3 Rc8 11.e4 dxe4 12.Nxe4 c5 13.Nxf6+ Bxf6 14.Ng5 Bxg5 15.Bxb7 Rc7
16.Bg2 cxd4 17.Bxg5 Qxg5 18.Rxd4 b5 19.Qd1 Nb6 20.h4 Qc5 21.cxb5 Qxb5 22.Rc1 Rxc1
23.Qxc1 Qe5 24.Qd2 g6 25.a4 Rb8 26.a5 Nd5 27.Bxd5 exd5 28.Rxd5 Qa1+ 29.Kg2 Rxb3
30.Rd8+ Kg7 31.Qd6 Qa3 32.Qe5+ Kh6 33.Qf4+ Kg7 34.h5  1-0